Inner place /

Hlavní autor: Bóková, Nikol, 1991-
Další autoři: Kocián, Martin, Wierzgoń, Michał, 1994-
Jazyk: Nelze použít, není lingvistický obsah
Vydáno: [Praha] : Animal Music, [2019]
Témata:
Fyzický popis: 1 CD audio (44:07) ; 12 cm
Zvukové nahrávky
Uloženo v:
LEADER 01731njm a2200445 i 4500
001 001733923
003 CZ BrMZK
005 20210412092608.0
007 sd fungnnmmned
008 200305t20192019xr jznng n zxx
015 |a cnb003177804 
024 3 |a 8594155999507 
028 0 1 |a ANI 079-2  |b Animal Music 
040 |a BOA001  |b cze  |e rda 
072 7 |a 78.011.26  |x Populární hudba. Populární písně. Populární taneční hudba  |2 Konspekt  |9 9 
080 |a 78.036.9.011.26  |2 MRF 
080 |a (086.76)  |2 MRF 
100 1 |a Bóková, Nikol,  |d 1991-  |7 ola20201072023  |4 cmp  |4 itr 
245 1 0 |a Inner place /  |c Nikol Bóková 
264 1 |a [Praha] :  |b Animal Music,  |c [2019] 
264 4 |c ℗2019 
300 |a 1 CD audio (44:07) ;  |c 12 cm 
306 |a 004407 
336 |a hraná hudba  |b prm  |2 rdacontent 
337 |a audio  |b s  |2 rdamedia 
338 |a audiodisk  |b sd  |2 rdacarrier 
344 |a digital  |b optical  |2 rda 
347 |a audio soubor  |b CD audio  |2 rda 
500 |a Název z disku 
500 |a Hudba Nikol Bóková 
505 0 0 |g Intro --  |t Happy to be three --  |t Amber lantern --  |t Burnt umber --  |t I guess so --  |t Weight of light thoughts --  |t Scarlet --  |t Corner of the room --  |t Seven --  |t Vermilion --  |t Inner place --  |t Someday soon --  |g Outro 
511 1 |a Nikol Bóková (klavír), Martin Kocián (akustická basa), Michal Wierzgoń (bicí) 
650 0 7 |a jazz  |7 ph121330  |2 czenas 
655 7 |a kompaktní disky  |7 fd201991  |2 czenas 
700 1 |a Kocián, Martin  |7 jo20201088705  |4 itr 
700 1 |a Wierzgoń, Michał,  |d 1994-  |7 xx0252501  |4 itr 
910 |a BOA001  |b CDR-1444.493 
990 |a AV 
991 |b 202006 
996 6 |b 2610817189  |c CDR-1444.493  |l MZK  |r Sklad / do 24 hodin  |n 0  |p p.v.  |w 001785773  |u 000010  |a 1  |e BOA001  |j MZK50  |s P